| 000 | 00434cam a2200181ua 4500 | ||
|---|---|---|---|
| 020 | _c2.25 | ||
| 041 |
_ahin _h |
||
| 082 |
_a891.54 _bVRI/KU |
||
| 100 | _aVrindavan Lal, Varma . | ||
| 245 |
_aKundali Chakra / _cVrindavan Lal Varma. _hTextual Documents |
||
| 250 |
_a1 / _b. |
||
| 260 |
_aJhansi : _bMathur Prakashan , _c1958. |
||
| 300 | _a224 ; . | ||
| 365 | _a2.25 | ||
| 504 | _a | ||
| 942 | _cBK | ||
| 999 |
_c8202 _d8202 |
||